Central Library OPAC University of Rajshahi

Principles of indexing and filing / (Record no. 59571)

MARC details
000 -LEADER
fixed length control field 01162nam a2200289 a 4500
001 - CONTROL NUMBER
control field 59571
003 - CONTROL NUMBER IDENTIFIER
rucl marc code BD-RjUL
005 - DATE AND TIME OF LATEST TRANSACTION
control field 20211209080739.0
008 - FIXED-LENGTH DATA ELEMENTS--GENERAL INFORMATION
fixed length control field 161226s1932 mdua o 000 0 eng d
035 ## - SYSTEM CONTROL NUMBER
System control number BD-RjUL59695
System control number (OCoLC)555198225
040 ## - CATALOGING SOURCE
Original cataloging agency OCLCE
Language of cataloging eng
Transcribing agency OCLCE
Modifying agency OCLCQ
041 ## - LANGUAGE CODE
Language code of text/sound track or separate title eng
082 04 - DEWEY DECIMAL CLASSIFICATION NUMBER
Classification number 651.5
Edition number 23
Author mark and year CAP 1932
100 1# - MAIN ENTRY--PERSONAL NAME
Personal name Cadwallader, Laura H.
Fuller form of name (Laura Hanes),
Dates associated with a name 1870-1932.
9 (RLIN) 177197
245 10 - TITLE STATEMENT
Title Principles of indexing and filing /
Statement of responsibility, etc. by Laura H. Cadwallader [and] S. Ada Rice.
260 ## - PUBLICATION, DISTRIBUTION, ETC. (IMPRINT)
Place of publication, distribution, etc. Baltimore;
-- Chicago :
Name of publisher, distributor, etc. H.M. Rowe Co.,
Date of publication, distribution, etc. 1932.
300 ## - PHYSICAL DESCRIPTION
Pagination 146 p. ;
Size 21 cm
506 ## - RESTRICTIONS ON ACCESS NOTE
Materials specified Use copy
Standardized terminology for access restriction Restrictions unspecified
Source of term star
Institution to which field applies MiAaHDL
650 #0 - SUBJECT ADDED ENTRY--TOPICAL TERM
Topical term or geographic name as entry element Indexing.
9 (RLIN) 177198
Topical term or geographic name as entry element Filing systems.
9 (RLIN) 177199
700 1# - ADDED ENTRY--PERSONAL NAME
Personal name Rice, S. Ada
Fuller form of name (Sarah Ada),
Dates associated with a name 1893-
Relator term joint author.
776 08 - ADDITIONAL PHYSICAL FORM ENTRY
Relationship information Print version:
Main entry heading Cadwallader, Laura H. (Laura Hanes), 1870-1932.
Title Principles of indexing and filing.
Place, publisher, and date of publication Baltimore, Chicago, H.M. Rowe Co., 1932
Record control number (DLC) 32002548
-- (OCoLC)3250218
856 40 - ELECTRONIC LOCATION AND ACCESS
Materials specified HathiTrust Digital Library
Uniform Resource Identifier <a href="http://catalog.hathitrust.org/api/volumes/oclc/3250218.html">http://catalog.hathitrust.org/api/volumes/oclc/3250218.html</a>
942 ## - ADDED ENTRY ELEMENTS (KOHA)
Source of classification or shelving scheme Dewey Decimal Classification
Koha item type Books
Holdings
Lost status Source of classification or shelving scheme Damaged status Not for loan Collection code Permanent Location Current Location Shelving location Date acquired Source of acquisition Total Checkouts Full call number Date last seen Copy number Koha item type
  Dewey Decimal Classification   Not For Loan Non-fiction Central Library, University of Rajshahi Central Library, University of Rajshahi Reading Room 26/07/1962 Asia foundation   651.5 CAP 1932 26/12/2016 C-1 Books